Directorio empresas manufactureras, servicios y accesorios de las ciudades de Coquimbo, La Serena y Ovalle IV region

Uloženo v:
Podrobná bibliografie
Hlavní autor: Minkner-Bunjer, Mechthild (autora)
Médium: Kniha
Jazyk:španělština
Vydáno: Santiago Fundacion Friedrich Naumann 1994
Témata:
Tagy: Přidat tag
Žádné tagy, Buďte první, kdo vytvoří štítek k tomuto záznamu!

MARC

LEADER 00000nam a2200000 a 4500
001 UCY5226
003 CL-VaPUC
008 950419e19940000CL |||||||||||||||||spa|d
082 0 4 |a 338.4  |b MIN  |2 21 
100 |a Minkner-Bunjer, Mechthild  |e autora  |9 333904 
245 1 0 |a Directorio empresas manufactureras, servicios y accesorios de las ciudades de Coquimbo, La Serena y Ovalle IV region 
300 |a pag. irreg 
942 |c BK 
945 |d 19950419 00:00:00  |a mfernand 
260 |a Santiago  |b Fundacion Friedrich Naumann  |c 1994 
600 0 7 |a COQUIMBO, CHILE  |2 CL-VaPUC  |9 333885 
600 0 7 |a LA SERENA, CHILE  |2 CL-VaPUC  |9 333886 
600 0 7 |a OVALLE, CHILE  |2 CL-VaPUC  |9 333887 
650 0 |a Empresas   |9 255569 
650 0 |a Manufacturas  |9 271925 
650 7 |a SERVICIOS  |2 CL-VaPUC  |9 333888 
650 7 |a DIRECTORIOS  |2 CL-VaPUC  |9 257460 
650 7 |a PEQUENA EMPRESA  |2 CL-VaPUC  |9 324333 
583 |a last modification  |c 20131003 02:38:35  |k Rodrigo Vera 
999 |c 232926  |d 232924